000 00654cab a2200241 4500
001 ABS48280
008 090401t1993 xxu||||| |||| 00| 0 eng d
035 _a(Sirsi) u65899
041 _aeng
100 _aThomas, W.
245 _aHopes of revival boost confidence in the Ruhr
260 _c1993
350 _a0
490 _aEuroProperty
_vMarch 1993, 22-28(5)
520 _aDiscusses how Dusseldorf is having to contend with the effects of economic downturn in Germany.
650 _aDEVELOPMENT
650 _aINVESTMENT
650 _aOFFICES
650 _aRELOCATION
690 _aOVERSEAS-EUROPE
942 _n0
948 _c04/03/1997
999 _c41158
_d41158